| 000 | 01158nab a22002297a 4500 | ||
|---|---|---|---|
| 999 |
_c5756 _d5756 |
||
| 003 | OSt | ||
| 005 | 20260105144102.0 | ||
| 008 | 190514b xxu||||| |||| 00| 0 spa d | ||
| 040 | _cPJ | ||
| 100 |
_96551 _aMorabito, Rodrigo |
||
| 245 | 1 | 0 |
_aLas sanciones en el sistema de justicia penal juvenil y su imposibilidad de comunicación al Registro Nacional de Reincidencia / _cRodrigo Morabito. |
| 300 | _ap. 103-105 | ||
| 500 | _aCita: TR LALEY AR/DOC/868/2025. | ||
| 505 | _a Sumario: I. Resumen del caso.— II. Análisis del caso judicial.— III. A modo de conclusión. | ||
| 505 | _tFallo comentado: SC Buenos Aires ~ 22/11/2024 ~ A., F. D. s/ recurso extraordinario de inaplicabilidad de ley en causa n° 122.647 del Tribunal de Casación Penal, sala IV. | ||
| 650 | 0 |
_92741 _aDERECHOS DE LAS NIÑAS, NIÑOS Y ADOLESCENTES |
|
| 650 | 0 |
_92730 _aRÉGIMEN PENAL DE LA MINORIDAD |
|
| 650 | 0 |
_94840 _aANTECEDENTES PENALES |
|
| 650 | 0 |
_91057 _aJURISPRUDENCIA APLICABLE |
|
| 773 | 0 |
_02844 _93222 _dBuenos Aires : AbeledoPerrot, 1989- _tDerecho de familia. Revista Interdisciplinaria de doctrina y jurisprudencia. Junio 2025-III. _z18511201 |
|
| 942 |
_2udc _cANA |
||